Word Ladder: Thundering University Quiz Stats

 Plays Quiz Updated Jun 20, 2019

Score 0/22 Timer 02:00
0 Plays Today
Clue 4-Letter Word % Correct
🏈 4th planet in our solar system 🏈🏈 MARS 🏈
98.8%
It is pushed in a grocery storeCART
98.2%
Pass gas FART
97.9%
Lighting McQueen movieCARS
96.8%
HairlessBALD
96.2%
🏈 The area connecting classrooms 🏈🏈 HALL 🏈
95.7%
Home for cows and goats and horsesFARM
95.6%
DifficultHARD
95.6%
A small mountainHILL
95.5%
An elegant formal danceBALL
94.5%
Shakespeare, for oneBARD
92.9%
Clue 4-Letter Word % Correct
Old camera necessityFILM
91.7%
Hard or certain FIRM
91.7%
UntamedWILD
91%
Had in one's handHELD
90.9%
Fuse pieces of metal togetherWELD
90.3%
Moving airWIND
90%
Area is to cover as volume is to _____FILL
89.6%
🏈 The Thundering ___ 🏈🏈 HERD 🏈
89%
🏈 It is located in Huntington, ___ Virginia 🏈🏈 WEST 🏈
82.8%
Attended a partyWENT
80.6%
MeanderWEND
77.8%

Today's Daily Dose

You're not logged in!

Compare scores with friends on all Sporcle quizzes.
OR
Log In

Show Comments

Extras

Top Quizzes Today


Score Distribution

Your Account Isn't Verified!

In order to create a playlist on Sporcle, you need to verify the email address you used during registration. Go to your Sporcle Settings to finish the process.

Report this User

Report this user for behavior that violates our Community Guidelines.

Details: